| 000 | 00615nam a2200145 a 4500 | ||
|---|---|---|---|
| 001 | 000040090 | ||
| 005 | 20201002033918.0 | ||
| 008 | 130806s1990 sp 000 0 spa d | ||
| 040 |
_aDO-SdBNP _bspa _cBNPHU |
||
| 245 | 0 | 0 |
_aArqueología de rescate : _bactas de la tercera conferencias del Nuevo Mundo sobre arqueología de rescate / _ceditadas por Gloria Layola-Black y Mario Sanoja Obediente. |
| 260 |
_aVenezuela : _bOrganización de los Estados Américanos _bEditorial Abre Brecha, _c1990. |
||
| 300 |
_a439 p. ; _c24 cm. |
||
| 700 | 1 |
_aLayola-Black, Gloria _eed. _966355 |
|
| 700 | 1 |
_aSanoja Obediente, Mario _eed. _966356 |
|
| 999 |
_c39580 _d39580 |
||